Tiền Tệ Ngân Hàng và Tín Dụng

Đã lưu trong:
Chi tiết về thư mục
Tác giả chính: Robert Raymond
Định dạng: Sách
Ngôn ngữ:Vietnamese
Được phát hành: Khoa học ngân hàng 1992
Các nhãn: Thêm thẻ
Không có thẻ, Là người đầu tiên thẻ bản ghi này!
Thư viện lưu trữ: Mạng thư viện Đại học Đà Nẵng
LEADER 00641nam a2200277 4500
001 000026728
003 780
005 20150325120000.0
008 150325s vm 000 vie
020 |c 20,0000 
040 |a NOTTS 
100 |a Robert Raymond 
245 |a Tiền Tệ Ngân Hàng và Tín Dụng 
260 |b Khoa học ngân hàng  |c 1992 
300 |a 334tr. ; 
OWN |a LTT 
999 |a From the UDN01 
TYP |a Monograph 
TYP |a Printed language 
980 |a Mạng thư viện Đại học Đà Nẵng